[Event "Eastern Asia-ch U16"]
[Site "Tornelo INT"]
[Date "2021.10.30"]
[Round "5"]
[White "Cheah, Zong Ze"]
[Black "Limpornchaicharoen, Napat"]
[Result "0-1"]
[WhiteElo "1366"]
[BlackElo "1006"]
[PlyCount "60"]
[EventDate "2021.10.29"]
[EventType "swiss"]
[EventRounds "9"]
[EventCountry "NET"]
[SourceTitle "CBM 205 Extra"]
[Source "ChessBase"]
[SourceDate "2022.01.31"]
[SourceVersion "1"]
[SourceVersionDate "2022.01.31"]
[SourceQuality "1"]

1. d4 c5 2. c3 cxd4 3. cxd4 d6 4. Bf4 e6 5. e3 Nf6 6. Nc3 a6 7. Nf3 Be7 8. Bd3 0-0 9. h3 b5 10. a3 Bb7 11. 0-0 Nbd7 12. e4 d5 13. e5 Nh5 14. Be3 g6 15. g4 Ng7 16. Bh6 f6 17. Qe2 fxe5 18. Nxe5 Nxe5 19. Qxe5 Bf6 20. Qe3 Qb6 21. Ne2 e5 22. g5 exd4 23. Qg3 Be7 24. Qe5 Rf7 25. Bxg7 Rxg7 26. Nxd4 Qd6 27. Qe3 Re8 28. Rfe1 Qd7 29. b4 Rf7 30. Rac1 Kf8 0-1